New Challenges for the European Union Foreign Trade Policy after

Analýza vzájomnej obchodnej spolupráce Ruska s EÚ, zmien obchodnej politiky Ruska a vývoja budúcich vzťahov. Výhody pre EÚ plynúce z členstva Ruska vo WTO. Obchodná bilancia vo vzťahu EÚ - Rusko.

Na minha lista:
Detalhes bibliográficos
Autor principal: Drieniková, Kristína, 1982-
Formato: Capítulo de Livro
Idioma:inglês
Assuntos:
Tags: Adicionar Tag
Sem tags, seja o primeiro a adicionar uma tag!

MARC

LEADER 00000naa$a2200000$$$4500
001 0196042
005 20240502073313.2
041 0 |a eng 
044 |a SK 
245 1 0 |a New Challenges for the European Union Foreign Trade Policy after  |c Kristína Drieniková 
520 |a Analýza vzájomnej obchodnej spolupráce Ruska s EÚ, zmien obchodnej politiky Ruska a vývoja budúcich vzťahov. Výhody pre EÚ plynúce z členstva Ruska vo WTO. Obchodná bilancia vo vzťahu EÚ - Rusko. 
610 2 0 |a organizácie obchodu zahraničného 
610 2 0 |a Svetová obchodná organizácia 
610 2 0 |a dohody obchodné medzinárodné 
610 2 0 |a bilancia obchodná 
610 2 0 |a obrat obchodu zahraničného 
610 2 0 |a politika obchodná 
610 2 0 |a stratégia obchodná 
610 2 0 |a zmluvy obchodné 
610 2 0 |a bilancia platobná 
100 1 |a Drieniková, Kristína, 1982-